Wystające elementy województw - Statystyki

Ogólne statystyki
  • Ten quiz został rozwiązany 253 razy
  • Średni wynik to 8 z 10
Statystyki odpowiedzi
Miasto Odpowiedź % Poprawnych
Zakopane Małopolskie
97%
Hel Pomorskie
97%
Kłodzko Dolnośląskie
95%
Suwałki Podlaskie
94%
Żywiec Śląskie
91%
Wschowa Lubuskie
70%
Kępno Wielkopolskie
64%
Paczków Opolskie
60%
Wieruszów Łódzkie
59%
Łosice Mazowieckie
57%
Nie znaleziono quizów pasujących do podanych kryteriów
Rozkład punktacji
Procent ludzi z każdym wynikiem
Percentyl według liczby udzielonych odpowiedzi
Twoja historia wyników
Nie rozwiązałeś tego quizu